Estadísticas para Ciudades más Pobladas en un Mapa del País - Selección de Azulejos

Haz click aquí para intentar la prueba.

Estadísticas generales

  • Esta prueba ha sido intentada 33 veces
  • La puntuación promedio es 29 de 45

Estadísticas de respuestas

PreguntaAzulejoSelect% Correcto
Todos los azulejos que contienen una Ciudad con más de 1M de PersonasNo
100%
Todos los azulejos que contienen una Ciudad con más de 1M de Personas
93%
Todos los azulejos que contienen una Ciudad con más de 500.000 PersonasNo
93%
Todos los azulejos que contienen una Ciudad con más de 1M de PersonasNo
93%
Todos los azulejos que contienen una Ciudad con más de 500.000 Personas
93%
Todos los azulejos que contienen una Ciudad con más de 1M de PersonasNo
93%
Todos los azulejos que contienen una Ciudad con más de 1M de PersonasNo
93%
Todos los azulejos que contienen una Ciudad con más de 1M de Personas
90%
Todos los azulejos que contienen una Ciudad con más de 10M de PersonasNo
90%
Todos los azulejos que contienen una Ciudad con más de 1M de Personas
90%
Todos los azulejos que contienen una Ciudad con más de 10M de Personas
90%
Todos los azulejos que contienen una Ciudad con más de 500.000 PersonasNo
87%
Todos los azulejos que contienen una Ciudad con más de 1M de Personas
87%
Todos los azulejos que contienen una Ciudad con más de 10M de PersonasNo
83%
Todos los azulejos que contienen una Ciudad con más de 500.000 PersonasNo
83%
Todos los azulejos que contienen una Ciudad con más de 10M de PersonasNo
80%
Todos los azulejos que contienen una Ciudad con más de 10M de Personas
80%
Todos los azulejos que contienen una Ciudad con más de 500.000 PersonasNo
77%
Todos los azulejos que contienen una Ciudad con más de 500.000 PersonasNo
73%
Todos los azulejos que contienen una Ciudad con más de 500.000 PersonasNo
73%
Todos los azulejos que contienen una Ciudad con más de 500.000 Personas
67%
Todos los azulejos que contienen una Ciudad con más de 10M de Personas
67%
Todos los azulejos que contienen una Ciudad con más de 1M de PersonasNo
67%
Todos los azulejos que contienen una Ciudad con más de 10M de PersonasNo
67%
Todos los azulejos que contienen una Ciudad con más de 1M de Personas
63%
Todos los azulejos que contienen una Ciudad con más de 500.000 Personas
63%
Todos los azulejos que contienen una Ciudad con más de 500.000 Personas
60%
Todos los azulejos que contienen una Ciudad con más de 1M de PersonasNo
60%
Todos los azulejos que contienen una Ciudad con más de 500.000 PersonasNo
57%
Todos los azulejos que contienen una Ciudad con más de 500.000 PersonasNo
57%
Todos los azulejos que contienen una Ciudad con más de 500.000 Personas
53%
Todos los azulejos que contienen una Ciudad con más de 1M de Personas
50%
Todos los azulejos que contienen una Ciudad con más de 500.000 Personas
47%
Todos los azulejos que contienen una Ciudad con más de 500.000 Personas
47%
Todos los azulejos que contienen una Ciudad con más de 10M de PersonasNo
43%
Todos los azulejos que contienen una Ciudad con más de 500.000 Personas
43%
Todos los azulejos que contienen una Ciudad con más de 500.000 PersonasNo
43%
Todos los azulejos que contienen una Ciudad con más de 1M de Personas
40%
Todos los azulejos que contienen una Ciudad con más de 1M de Personas
37%
Todos los azulejos que contienen una Ciudad con más de 1M de PersonasNo
33%
Todos los azulejos que contienen una Ciudad con más de 500.000 PersonasNo
30%
Todos los azulejos que contienen una Ciudad con más de 10M de PersonasNo
27%
Todos los azulejos que contienen una Ciudad con más de 1M de Personas
23%
Todos los azulejos que contienen una Ciudad con más de 1M de PersonasNo
20%
Todos los azulejos que contienen una Ciudad con más de 1M de PersonasNo
13%

Distribución de puntuación

Porcentaje por número respondido

Porcentaje de gente con cada puntuación

Historial de tus puntuaciones

No has intentado esta prueba.